Normal view
MARC view
- Budde, William L.
Entry Personal Name
001 - CONTROL NUMBER
- control field: 844
003 - CONTROL NUMBER IDENTIFIER
- control field: NUST
005 - DATE AND TIME OF LATEST TRANSACTION
- control field: 20170516115634.0
008 - FIXED-LENGTH DATA ELEMENTS
- fixed length control field: 170516|| aca||aabn | a|a d
040 ## - CATALOGING SOURCE
- Original cataloging agency: NUST
- Transcribing agency: NUST
100 ## - HEADING--PERSONAL NAME
- Personal name: Budde, William L.
670 ## - SOURCE DATA FOUND
- Source citation: Work cat.: (NUST)0: Budde, William L., Analytical mass spectrometry :, 2001.
